| 000 | 00790nam a22002057a 4500 | ||
|---|---|---|---|
| 999 |
_c1084 _d1084 |
||
| 003 | AR-CdUCM | ||
| 008 | 190226b ||||| |||| 00| 0 spa d | ||
| 040 |
_aMUNICIPALIDAD PROVINCIAL DEL CUSCO _cBIBLIOTECA MUNICIPAL DEL CUSCO |
||
| 082 |
_a372.89 / _bM27 |
||
| 100 |
_aMastache Roman, Jesus _94226 |
||
| 245 |
_aDidactica de la Historia : _bCurso de postgraduacion / |
||
| 260 |
_aMexico : _bEdit.Herrero SA, _c1966 |
||
| 300 |
_a325 paginas ; _c20 cm. |
||
| 505 | _aPresentación del curso --Análisis lógico pedagógico del primer curso de historia para escuelas de segunda enseñanza --Practicas de enseñanza --Método de trabajo por ... | ||
| 650 |
_aHiatoria _94227 |
||
| 650 |
_aEstudio _94228 |
||
| 650 |
_aEnseñanza _91616 |
||
| 942 |
_2ddc _cLIBROS |
||
| 945 |
_arjall _d2019-02-26 |
||